000 00613nam a22002177a 4500
003 UA-OsUOA
001 42689
007 ta
008 20061114b un ||||| |||| 00| 0 ukr d
100 _aЯхно О.
090 _a32
_bЯ-11
942 _cSA
040 _aUA-OsUOA
_bukr
_cUA-OsUOA
_dUA-OsUOA
245 _aВолодимир Фесенко: Відставка Луценка - початок відкритої війни між прем'єром і Президентом
300 _aС.2
955 _a0
041 _aukr
080 _a32
773 0 _w42688
650 7 _a32 Політика
_2UDC
999 _c328820
_d328820